[Event "Reunion op 12th"]
[Site "St Denis"]
[Date "2010.10.14"]
[Round "7"]
[White "Balaine, Oliver"]
[Black "Rajaonson, Andriamahenina"]
[Result "0-1"]
[WhiteElo "1735"]
[BlackElo "1919"]
[PlyCount "54"]
[EventDate "2010.10.09"]
[EventType "swiss"]
[EventRounds "9"]
[EventCountry "RUF"]
[SourceTitle "CBM 138 Extra"]
[Source "ChessBase"]
[SourceDate "2010.10.29"]
[SourceVersion "1"]
[SourceVersionDate "2010.10.29"]
[SourceQuality "1"]

1. e4 c5 2. Nc3 d6 3. Bc4 e6 4. d3 Nc6 5. f4 Qh4+ 6. g3 Qd8 7. Nf3 Nf6 8. Be3 Be7 9. Qe2 a6 10. a4 0-0 11. h3 Nh5 12. Qf2 b6 13. g4 Nf6 14. f5 d5 15. g5 d4 16. gxf6 dxe3 17. Qxe3 Bxf6 18. e5 Bh4+ 19. Kd2 Nd4 20. Nxh4 Qxh4 21. f6 Bb7 22. fxg7 Rfd8 23. Rhf1 Nf5 24. Qf2 Qxc4 25. Rg1 Qh4 26. Qh2 Nd4 27. Ke3 Qh6+ 0-1

[Event "Reunion op 12th"]
[Site "St Denis"]
[Date "2010.10.13"]
[Round "5"]
[White "Cazal, Vincent"]
[Black "Balaine, Oliver"]
[Result "0-1"]
[WhiteElo "1350"]
[BlackElo "1735"]
[PlyCount "37"]
[EventDate "2010.10.09"]
[EventType "swiss"]
[EventRounds "9"]
[EventCountry "RUF"]
[SourceTitle "CBM 138 Extra"]
[Source "ChessBase"]
[SourceDate "2010.10.29"]
[SourceVersion "1"]
[SourceVersionDate "2010.10.29"]
[SourceQuality "1"]

1. e4 c5 2. Nf3 Nc6 3. c4 g6 4. d4 cxd4 5. Nxd4 Bg7 6. Nxc6 bxc6 7. c5 Qa5+ 8. Bd2 Qxc5 9. b4 Qd4 10. Nc3 Qxb4 11. Rb1 Qd6 12. Qb3 Nf6 13. Bc4 0-0 14. 0-0 Qxd2 15. Rfd1 Qf4 16. g3 Qe5 17. Re1 d6 18. Rbd1 Bh3 19. Qb7 0-1

[Event "Reunion op 12th"]
[Site "St Denis"]
[Date "2010.10.10"]
[Round "2"]
[White "Balaine, Oliver"]
[Black "Hamon, Christian"]
[Result "0-1"]
[WhiteElo "1735"]
[BlackElo "2018"]
[PlyCount "100"]
[EventDate "2010.10.09"]
[EventType "swiss"]
[EventRounds "9"]
[EventCountry "RUF"]
[SourceTitle "CBM 138 Extra"]
[Source "ChessBase"]
[SourceDate "2010.10.29"]
[SourceVersion "1"]
[SourceVersionDate "2010.10.29"]
[SourceQuality "1"]

1. e4 Nf6 2. Nc3 d5 3. exd5 Nxd5 4. Bc4 c6 5. d4 Bf5 6. Bg5 Nxc3 7. bxc3 Qa5 8. Qf3 e6 9. Qe3 Bd6 10. Nf3 0-0 11. Bb3 Nd7 12. 0-0 Rfe8 13. Rfe1 Bg4 14. Bf4 Bxf4 15. Qxf4 Bxf3 16. Qxf3 Nf6 17. Re5 Qc7 18. Rae1 Rad8 19. Bc4 b6 20. Rg5 Nd5 21. Re4 Qe7 22. Rg3 g6 23. Qh5 Nf6 24. Qe5 Nxe4 25. Qxe4 c5 26. h4 Qf6 27. Rf3 Qg7 28. dxc5 bxc5 29. h5 Rd1+ 30. Kh2 Rd6 31. Rh3 g5 32. Qe3 h6 33. Qxc5 Red8 34. Bd3 R6d7 35. Rg3 Qf8 36. Qe3 Qg7 37. f4 Rd5 38. Qxa7 g4 39. Be2 f5 40. Qa6 Qf7 41. Bc4 Qxh5+ 42. Kg1 Rd1+ 43. Kf2 R1d6 44. Bxe6+ Kf8 45. Qa3 Qg6 46. Re3 g3+ 47. Kf1 Kg7 48. Qa7+ Kh8 49. Re1 Rxe6 50. Rxe6 Qxe6 0-1

[Event "Reunion op 10th"]
[Site "St Denis"]
[Date "2008.10.18"]
[Round "9"]
[White "Desor, Helmut"]
[Black "Balaine, Oliver"]
[Result "1/2-1/2"]
[WhiteElo "1540"]
[BlackElo "1730"]
[PlyCount "29"]
[EventDate "2008.10.11"]
[EventType "swiss"]
[EventRounds "9"]
[EventCountry "RUF"]
[SourceTitle "EXT 2009"]
[Source "ChessBase"]
[SourceDate "2008.11.26"]
[SourceVersion "1"]
[SourceVersionDate "2008.11.26"]
[SourceQuality "1"]

1. Nf3 d5 2. d4 Nf6 3. e3 e6 4. c4 c5 5. Nc3 cxd4 6. Nxd4 Nc6 7. cxd5 Nxd4 8. Qxd4 Nxd5 9. Nxd5 Qxd5 10. Qxd5 exd5 11. Bd2 Bd7 12. Bc3 0-0-0 13. Be2 f6 14. Ba5 b6 15. Bc3 1/2-1/2